000 nam a22 7a 4500
999 _c410791
_d410791
003 BLK
005 20210423134456.0
008 210419b bu |||||r|||| 00| | bu d
040 _aBLK
041 _aRUS
_cRUS
080 _aЛупи. Микроскопи
_b681.72
_z681.72
100 _9449117
_aБеккерледж, О.
_eпърви автор
139 _aБеккерледж, О.
245 _aПолярископ и его изготовление
_bРуководство для любителей
_cО. Беккерледж
260 _9435310
_aМосква
_bтипо-лит. т-ва И. Н. Кушнерев и К°
_c1896
300 _a18 с., 1 л. черт.
_c195,5 см
380 _a62
490 _9435080
_aКолекция Редки и ценни издания
650 0 _9450381
_aПолярископи
852 _aРр 896
_bРц
942 _cKNG
_n0
_s1
944 _aCR
_c2021-04-23
_kРенета Константинова